000 00768nam a2200229 i 4500
001 bgj
100 1 _aSCRIVENER, Jim
245 1 0 _aLearning teaching =
_ba guidebook for English language teachers /
_cJim Scrivener.
260 _aOxford :
_bHeinemann,
_c1994.
300 _aVI, 218 pp :
_bfigures ;
_c25 cm.
490 1 _aThe Teacher Development Series / [edited by] Adrian Underhill
504 _aBibliography p. 216.
505 _aIncludes index.
650 9 _aEnglish language
_xStudy and teaching
_xForeign speakers
830 0 _aThe Teacher Development Series ([edited by] Adrian Underhill)
020 _a0435240897 (pbk)
040 _cBPK
041 0 _aeng
920 _a0-435-24089-7 (pbk)
942 _cKS
008 s uk f |000 0 eng
999 _c47997
_d47997
856 _uhttp://koha.tu.koszalin.pl/cgi-bin/koha/opac-detail.pl?biblionumber=47997
_yKatalog online BPK